Metal Gear Solid 'Quotes' - Statistics

General Stats
  • This quiz has been taken 1,109 times
  • The average score is 11 of 19
Answer Stats
Hint Answer % Correct
"Those are Alaskan Field Mice. Don't worry, they can't hurt you." McDonell Miller
89%
"You Took Everything From Me Before I was even Born!" Liquid Snake
85%
"You must be a Real Threat in the ''Muktuk' Eating Contest !?" Solid Snake
84%
"I'm going to run a High-Voltage electric current through your body. It's just for a short time, it won't kill you." Revolver Ocelot
82%
The truth is...My Grandfather was part of the Manhattan Project...And my father...He was born on August 6, 1945. We must have the curse of nuclear weapons written into our DNA." Hal 'Otacon' Emmerich
79%
"You're, a Real Bastard!" Meryl Silverbaugh
69%
"The nuclear weapons disposal facility on Shadow Moses Island in alaska's Fox Archipelago, was attacked by Next-Generation Special Forces being led by members of FOX-HOUND." Col. Roy Campbell
63%
I was born on a battlefield. Raised on a battlefield. Gunfire, sirens and screams...they, were my lullabies... Sniper Wolf
63%
"Snake, Be Careful! There are claymore mines around there. Use a Mine Detector!" Deepthroat
60%
"My Frequency is 140.96. ..Dont Forget it." Mei Ling
58%
"You and the Boss...you are from another world. A world I do not wish to know..." Vulcan Raven
53%
"Humans can choose the kind of life they want to live. The Important thing is that you choose life...And then...Live!" Dr. Naomi Hunter
50%
"I've waited a long time for this day. Now I want To enjoy the Moment." Gray Fox
50%
"The World Is a more Interesting place with people like you in it." Psycho Mantis
49%
"If it Hadn't Been For The Revolution!" Decoy Octopus
43%
Ooooooooh. Oooooh. Oh, my stomach!!! Oh!..Damn it!! Mmmmmnnn!! Johnny Sasaki
43%
"I am also a Military Analyst, so I have an extensive knowledge of weapons system as well." Nastasha Romanenko
36%
...Those Pentagon bastards!..They..They're just, using you...for.. Uuuuuugh. Kenneth Baker
32%
"You two are an embarrassment from the 1970's...our country's dirty little secret. You Can't Be Allowed To Live. Well, the bombs will be dropping soon, and you two have alot of catching up to do." Secretary of Defense Jim Houseman
15%
No matching quizzes found
Score Distribution
Percent of People with Each Score
Percentile by Number Answered
Your Score History
You have not taken this quiz